| 000 | 00519nam a2200181 i 4500 | ||
|---|---|---|---|
| 001 | bg | ||
| 003 | KOSZ 005 | ||
| 005 | 20200127122540.0 | ||
| 008 | s pl f |000 0 pol | ||
| 040 | _cBPK | ||
| 041 | _apol | ||
| 100 | 1 |
_aKuczyński, Jędrzej _eAutor |
|
| 245 | 0 |
_aBudowle sanitarne / _cJ. Kuczyński. |
|
| 250 | _aWyd.2 popr.i zmien. | ||
| 260 |
_aWrocław, _c1969. |
||
| 856 |
_uhttp://koha.tu.koszalin.pl/cgi-bin/koha/opac-detail.pl?biblionumber=10434 _yKatalog online BPK |
||
| 942 |
_cKS _2UKD |
||
| 999 |
_c10434 _d10434 |
||